00521nam a2200169Ia 450000500170000000800410001702000180005808200130007610000230008924500150011226000570012730000130018450000340019794200060023195200990023799900150033620250405162751.0240331s9999 xx 000 0 und d a9789555011518 bSIVa894 aSivasubramaniam, T 0aSonthangal aColombobIlankai mutpoku kalai ilakiyapperavaic2007 a144 p ., aThambu Shivavin Sirukadhaikal cL 001040708LaWERCLbWERCLcSSCd2024-03-31l0o 894.811 SIVp5883r2024-03-31w2024-03-31yL c3833d3833